NSW State Electorates - Newcastle/Central Coast - Statistics

General Stats
  • This quiz has been taken 42 times
  • The average score is 9 of 11
Answers on the Map
Answers color-coded by a green-red scale on the quiz's map according to % correct below.
 
Answer Stats
Answer % Correct
Newcastle
100%
Gosford
96%
Maitland
88%
Terrigal
88%
Wyong
88%
The Entrance
85%
Lake Macquarie
81%
Wallsend
77%
Port Stephens
73%
Swansea
69%
Charlestown
62%
No matching quizzes found
Score Distribution
Percent of People with Each Score
Percentile by Number Answered
Your Score History
You have not taken this quiz